[Event "SU Annen (ch)"]
[Site "?"]
[Date "2024.08.30"]
[Round "1"]
[White "Helbig, Dieter"]
[Black "Jeschke, Holger"]
[Result "0-1"]
[WhiteElo "1483"]
[BlackElo "1829"]
[PlyCount "36"]
[EventDate "2024.08.30"]
[EventType "swiss"]
[EventRounds "7"]
[SourceDate "2024.01.12"]

1. e4 c6 2. Nf3 d5 3. exd5 cxd5 4. d4 Nc6 5. Nc3 g6 6. Bf4 a6 7. Qd2 Bg7 8. Ne5
Nf6 9. Be2 O-O 10. h4 {#} Nxe5 (10... h5 11. f3 Bf5 12. Nxc6 bxc6 13. g4 hxg4
14. O-O-O gxf3 15. Bxf3 Be4 16. Nxe4 dxe4 17. Be2 Nd5 18. h5 Nxf4 19. Qxf4 Qd6
20. Qxe4 Bh6+ 21. Kb1 g5 22. Rhf1 e6 23. Bc4 Rae8 24. Bxa6 f5 25. Qe5 Qxe5 26.
dxe5 Bg7 27. Bc4 Bxe5 28. Rfe1 Bg7 29. Bxe6+ Kh8 30. a4 Re7 31. Bd7 Rxe1 32.
Rxe1 c5 33. Rf1 f4 34. Bg4 Rb8 35. b3 c4 36. Ka2 cxb3+ 37. cxb3 Bc3 38. Rc1 Bd2
39. Rc5 Rg8 40. Kb2 Kh7 41. Kc2 Be3 42. Rf5 Kh6 43. b4 Rd8 44. b5 Rd2+ 45. Kb3
Rg2 46. Rf6+ Kh7 47. Bf5+ Kg7 48. Rg6+ Kh8 49. Re6 Rh2 50. h6 Rh4 51. Re8# {
1-0 Largo Barbero,B (1954)-Sirera Ripoll,J (1769), San Sebastian 2015}) (10...
Nd7 11. Nxc6 bxc6 12. Bh6 e5 13. h5 exd4 14. Bxg7 Kxg7 15. hxg6 fxg6 16. Qh6+
Kf6 17. Qh4+ Ke6 18. Qxd4 Qf6 19. Qe3+ Kd6 20. O-O-O Kc7 21. Rxh7 Qxf2 22. Qe7
Qf6 23. Qa3 Bb7 24. Qa5+ Kc8 25. Na4 Rf7 26. Rdh1 Kb8 27. Kb1 Ka7 28. Rxf7 Qxf7
29. Qc7 Qe6 30. Rh7 Rc8 31. Qxd7 Qxd7 32. Rxd7 Re8 33. Nc5 Rxe2 34. Rxb7+ Ka8
35. b4 Rxg2 36. Kb2 g5 37. Rb6 g4 38. Rxa6+ Kb8 39. Rxc6 g3 40. Rg6 Rg1 41. a4
g2 42. a5 {1-0 Knox,C (2187)-Muthaiah,A (2400), chess.com 2020}) 11. Bxe5 h5
12. f3 Be6 13. Kf2 Nh7 14. Bxg7 Kxg7 15. Qe3 Qd7 16. Na4 Qxa4 17. Qe5+ Nf6 18.
Bd3 Qd7 0-1

[Event "SU Annen (ch)"]
[Site "?"]
[Date "2024.08.30"]
[Round "1"]
[White "Köhler, Frank"]
[Black "Reichard, Sven"]
[Result "0-1"]
[WhiteElo "1729"]
[BlackElo "1427"]
[PlyCount "92"]
[EventDate "2024.08.30"]
[EventType "swiss"]
[EventRounds "7"]
[SourceDate "2024.01.12"]

1. c4 Nf6 2. g3 g6 3. Nc3 Bg7 4. Bg2 O-O 5. e4 d6 6. Nge2 c5 7. O-O Nc6 8. d3
Qc7 {#} 9. a3 (9. Be3 Ng4 10. Bg5 Qa5 11. h3 Nf6 12. f4 h6 13. Bh4 a6 14. Nd5
Nxd5 15. cxd5 Nd4 16. Bxe7 Nxe2+ 17. Qxe2 Re8 18. Bxd6 Bd4+ 19. Kh2 Bd7 20. Be5
Bxe5 21. fxe5 Qd8 22. Qf2 Qe7 23. d6 Qe6 24. Qxc5 Rac8 25. Qf2 Bb5 26. h4 g5
27. hxg5 hxg5 28. Bh3 g4 29. Bxg4 Qxg4 30. Qxf7+ Kh8 31. Rh1 {1-0 Henke,S 
(1629)-Kepinski,J (1572), email 2009}) (9. Rb1 b6 10. f4 Bb7 11. h3 e6 12. g4
Nd7 13. Bd2 Nd4 14. Nxd4 Bxd4+ 15. Kh2 Nb8 16. Nb5 Qd7 17. Nxd4 cxd4 18. f5 Nc6
19. Bh6 Rfe8 20. fxg6 hxg6 21. Rf6 Kh7 22. Bg5 Rh8 23. Qd2 Kg7 24. h4 Ne5 25.
Bh3 Rh7 26. Rbf1 Rah8 27. Qf2 Kf8 28. Qxd4 Qc7 29. Rxe6 Kg8 30. Re8+ Kg7 31.
Bf6+ Kh6 {1-0 Grasser,S (1653)-Oramas Henriquez,T (1433), Nuremberg 2013}) (9.
h3 a6 (9... Bd7 10. Be3 Rab8 11. a3 a6 12. Qd2 b5 13. cxb5 axb5 14. d4 c4 15.
f4 b4 16. Nd1 Na5 17. Nc1 b3 18. Nc3 e6 19. N1e2 Kh8 20. Rac1 Ng8 21. Rfd1 f6
22. Kh2 Ne7 23. Ng1 Bc8 24. Nf3 d5 25. exd5 exd5 26. Ng1 Qc6 27. Nxd5 Nxd5 28.
Qxa5 Rb5 29. Qd2 Re8 30. Ne2 Qc7 31. Bxd5 Rxd5 32. Nc3 Qd7 33. g4 Rd6 34. Bf2
f5 35. g5 Bb7 36. Bg1 {1/2-1/2 Naiditsch,I-Lackner,A, BRD 1996}) (9... b6 10.
f4 Bb7 11. f5 a6 12. g4 e6 13. g5 Nd7 14. f6 Bh8 15. Nf4 a5 16. h4 Nce5 17. h5
gxh5 18. Qxh5 Ng6 19. Rf3 Nxf4 20. Bxf4 Rfd8 21. Nb5 Qc6 22. Nxd6 Bxf6 23.
Qxf7+ Kh8 24. gxf6 Rg8 25. Rh3 Nf8 26. Qe7 Rxg2+ 27. Kxg2 Ba6 28. Qg7# {1-0
Anghel,M-Le,D, Maribor 2012}) 10. Be3 (10. Nd5 Nxd5 11. cxd5 Na5 12. Rb1 b5 13.
Bd2 Rb8 14. b4 Nb7 15. a3 Nd8 16. bxc5 Qxc5 17. Bb4 Qb6 18. Qc2 a5 19. Bd2 Bd7
20. Be3 Qb7 21. Rfc1 Rc8 22. Qd2 Qa8 23. Rxc8 Qxc8 24. Rc1 Qa6 25. Rc7 Nb7 26.
Rxd7 b4 27. axb4 a4 28. Nc3 Bxc3 29. Qxc3 a3 30. Bh6 f6 31. Bxf8 Kxf8 32. Rxb7
a2 33. Qc8+ {1-0 Olisov,A (1958)-Vasiliev,S, Uljanovsk 2008}) (10. f4 e6 11. g4
Bd7 (11... Nd7 12. Kh1 Rb8 13. f5 b5 14. Nf4 Nd4 15. Nce2 Nb6 16. Nh5 gxh5 17.
f6 Bxf6 18. Rxf6 Qe7 19. Bg5 Kh8 20. Nxd4 cxd4 21. Qf3 Nd7 22. Rf1 Ne5 23. Qf2
Qc7 24. Rxe6 Bxe6 25. Qf6+ {1-0 Reif,G (1623)-Mehling,F (1690), Oberhof 2013})
12. Be3 Rab8 13. Rc1 Qa5 14. Ng3 Nd4 15. b3 Ne8 16. Kh1 b5 17. Qd2 b4 18. Nce2
e5 19. f5 gxf5 20. gxf5 Qd8 21. Bg5 Bf6 22. Bh6 Bg7 23. Nxd4 exd4 24. f6 Bxf6
25. Bxf8 Kxf8 26. Qf2 Be6 27. Nf5 Bg5 28. Rce1 Ng7 29. Re2 Bf6 30. Rg1 Be5 31.
Bf1 Bxf5 32. exf5 Qf6 33. Qg2 Qxf5 34. Rf2 Qd7 35. Be2 Rb7 36. Bg4 Qe7 37. Rgf1
f6 38. h4 Ne6 39. Bxe6 Qxe6 40. Qxb7 Qh3+ 41. Kg1 Qg3+ 42. Qg2 Qxh4 43. Qf3 Ke7
44. Rg2 Qh6 45. Qb7+ Ke6 46. Qe4 Kd7 47. Qg4+ Kc6 48. Qf3+ Kd7 49. Re1 Bf4 50.
Qb7+ {1-0 Malinowski,D (1893)-Wittig,Z (1559), Wroclaw 2013}) (10. Bg5 h6 11.
Be3 Be6 12. g4 Rab8 13. Qd2 Kh7 14. f4 b5 15. f5 Bd7 16. cxb5 axb5 17. fxg6+
fxg6 18. g5 hxg5 19. Bxg5 b4 20. Nd5 Nxd5 21. exd5 Ne5 22. Nf4 Rf5 23. h4 Bf6
24. Nh3 Rf8 25. Qe2 Qa7 26. Kh1 Qb7 27. Rg1 Kg7 28. Qe3 Bxg5 29. Nxg5 Ng4 30.
Qxe7+ R5f7 31. Nxf7 Rxf7 32. Qxd6 Nf2+ 33. Kh2 Rf6 34. Qe7+ Rf7 35. Qe5+ Rf6
36. Be4 Ng4+ 37. Rxg4 Bxg4 38. Rg1 Bc8 39. Rxg6+ Kh7 40. Qh5# {1-0 Kazakos,M 
(1822)-Tzavaras,S (1281), Achaia 2017}) 10... Nd7 11. Qd2 Nde5 12. f4 Nd7 13.
Nd5 Qa5 14. Nxe7+ Kh8 15. Nxc6 Qxd2 16. Bxd2 bxc6 17. Bc3 Rb8 18. Bxg7+ Kxg7
19. b3 Re8 20. Rfe1 Nf8 21. d4 Bd7 22. dxc5 dxc5 23. Rad1 Re7 24. Rd6 a5 25.
Nc3 Ne6 26. Na4 f5 27. exf5 gxf5 28. Nxc5 Kf7 {1-0 Orsatti,M (1973)-Del Forno
Sinicco,M (1535), Udine 2009}) 9... a5 10. b3 Ne8 11. Bb2 Qd8 12. Qd2 Nd4 13.
Nxd4 Bxd4 14. Ne2 e5 15. Nxd4 cxd4 16. b4 b6 17. f4 f6 18. bxa5 bxa5 19. a4 Nc7
20. fxe5 fxe5 21. Ba3 Na6 22. Rxf8+ Kxf8 23. Rb1 Nc5 24. Bxc5 dxc5 25. Rb5 Qc7
26. Qh6+ Kg8 27. Bh3 Ba6 28. Be6+ Kh8 29. Qg5 Bxb5 30. Qf6+ Qg7 31. Qxg7+ Kxg7
32. cxb5 Kf6 33. Bd5 Rb8 34. Kf2 Ke7 35. Bc4 Kd6 36. Ke1 Rf8 37. Ke2 g5 38. h3
h5 39. Bd5 g4 40. h4 Kc7 41. Be6 Rf3 42. Bd5 Rxg3 43. Bf7 Rh3 44. Bxh5 Rxh4 45.
Bf7 Rh2+ 46. Kf1 Rd2 0-1

[Event "SU Annen (ch)"]
[Site "?"]
[Date "2024.08.30"]
[Round "1"]
[White "Solomov, Christian"]
[Black "Schröder, Paul"]
[Result "0-1"]
[WhiteElo "1408"]
[BlackElo "1597"]
[PlyCount "72"]
[EventDate "2024.08.30"]
[EventType "swiss"]
[EventRounds "7"]
[SourceDate "2024.01.12"]

1. e4 c6 2. Nf3 d5 3. Nc3 Nf6 4. exd5 cxd5 5. Bb5+ Nc6 6. Ne5 Qb6 7. Qf3 e6 {#}
8. d3 (8. Qg3 d4 9. Bxc6+ bxc6 10. Ne2 c5 11. d3 Bb7 12. b3 Qd8 13. O-O Qc7 14.
f4 g6 15. Bd2 Bd6 16. Rae1 O-O 17. Nc4 Be7 18. Rf2 a5 19. a4 Bd5 20. Ne5 Bd6
21. Qh4 Be7 22. Qh3 Nd7 23. Ng3 Bf6 24. Ne4 Bg7 25. Ng5 h6 26. Ne4 Bxe4 27.
Rxe4 Nxe5 28. fxe5 Bxe5 29. Bxh6 Bg7 30. Rh4 f5 31. Bg5 Kf7 32. Qf3 Rh8 33. g4
Rxh4 34. Bxh4 Rh8 35. Bg3 Be5 36. gxf5 gxf5 37. Bxe5 Qxe5 38. Re2 Qg7+ 39. Rg2
Qh6 40. h3 Qe3+ 41. Qxe3 dxe3 42. Rg3 f4 43. Rf3 e5 44. Kf1 Rg8 45. h4 Rg4 46.
Rh3 Kg6 47. Ke2 Kh5 48. Rh2 Rxh4 49. Rg2 Rg4 50. Rh2+ Kg5 51. Kf3 Kf5 52. Rh5+
Rg5 53. Rh3 Rg3+ 54. Rxg3 fxg3 55. Kxg3 e4 56. Kg2 Ke5 57. Kf1 exd3 58. cxd3
Kd4 59. Ke2 Kc3 60. Kxe3 Kxb3 61. d4 c4 62. Kd2 Kb2 {0-1 Wilde,J (1620)-Wild,K
(1790), BRD 2009}) 8... Bb4 9. Bxc6+ bxc6 10. Bg5 Qd4 11. O-O Qxe5 12. Bf4 Qf5
13. h3 g5 14. Bd2 Qxf3 15. gxf3 Bb7 16. a3 Bd6 17. Ne2 Kd7 18. Ng3 Rhg8 19. Be3
Ne8 20. a4 c5 21. b3 d4 22. Bd2 Bxf3 23. c3 f5 24. cxd4 cxd4 25. Rfe1 h5 26.
Ne2 e5 27. Rac1 g4 28. h4 Rb8 29. Rb1 g3 30. fxg3 Bxe2 31. Rxe2 Rxg3+ 32. Kf2
Rxd3 33. b4 Rh3 34. Bg5 Rh2+ 35. Kf3 e4+ 36. Rxe4 fxe4+ 0-1

[Event "SU Annen (ch)"]
[Site "?"]
[Date "2024.08.30"]
[Round "1"]
[White "Krug, Christopher"]
[Black "Zimmermann, Kolya"]
[Result "0-1"]
[WhiteElo "1537"]
[BlackElo "1350"]
[PlyCount "81"]
[EventDate "2024.08.30"]
[EventType "swiss"]
[EventRounds "7"]
[SourceDate "2024.01.12"]

1. d4 f5 2. Nf3 Nf6 3. h3 e6 4. Bf4 b6 5. e3 Bb7 {#} 6. Ne5 (6. a3) (6. Rg1) (
6. a4) (6. Bc4) (6. g4) (6. c3) (6. c4) (6. Bd3) (6. Be2) (6. Nbd2 {- A80/13})
6... d6 7. Nd3 Be7 8. Nd2 O-O 9. Rg1 c5 10. b3 cxd4 11. exd4 Nd5 12. Qe2 Re8
13. Qxe6+ Kh8 14. O-O-O Nxf4 15. Nxf4 Bg5 16. Qxf5 Rf8 17. Ne6 Rxf5 18. Nxd8
Bxd8 19. Re1 Nd7 20. Re8+ Rf8 21. Re6 Bc7 22. Re7 Rad8 23. Bb5 Bc8 24. Rh1 Kg8
25. f3 d5 26. Bc6 Bd6 27. Bxd5+ Kh8 28. Rf7 Nf6 29. Rxf8+ Bxf8 30. c4 Nxd5 31.
cxd5 Bb7 32. Nc4 Bxd5 33. Rd1 Bxc4 34. bxc4 Rc8 35. d5 Rxc4+ 36. Kb2 Bc5 37.
Re1 Kg8 38. Re8+ Kf7 39. Ra8 b5 40. Rb8 b4 41. Rc8 0-1

[Event "SU Annen (ch)"]
[Site "?"]
[Date "2024.08.30"]
[Round "1"]
[White "Saage, Armin"]
[Black "Stergar, Lothar"]
[Result "0-1"]
[WhiteElo "1321"]
[BlackElo "1515"]
[PlyCount "48"]
[EventDate "2024.08.30"]
[EventType "swiss"]
[EventRounds "7"]
[SourceDate "2024.01.12"]

1. b3 e5 2. Bb2 Bc5 3. Bxe5 Nf6 4. d4 {#} Bb6 (4... Bb4+ 5. c3 Ba5 6. a4 a6 7.
b4 Bb6 8. a5 d6 9. Bxf6 Qxf6 10. axb6 {1-0 Grimm,W-Arruda,M, corr 2003}) 5. c4
Nc6 6. Bxf6 Qxf6 7. e3 Nxd4 8. a3 Nxb3 9. Qxb3 Qxa1 10. Bd3 Ba5+ 11. Ke2 O-O
12. Nf3 Qf6 13. Rd1 d6 14. h3 Bf5 15. e4 Rfe8 16. Qc2 Re7 17. Kf1 Bxh3 18. e5
Qxf3 19. Bxh7+ Kh8 20. Be4 Bxg2+ 21. Kg1 Qxe4 22. Rd3 Bf3 23. Qb3 Qe1+ 24. Kh2
Qxf2+ 0-1

[Event "SU Annen (ch)"]
[Site "?"]
[Date "2024.09.13"]
[Round "2"]
[White "Schröder, Paul"]
[Black "Reichard, Sven"]
[Result "1-0"]
[WhiteElo "1597"]
[BlackElo "1427"]
[PlyCount "113"]
[EventDate "2024.01.12"]
[SourceDate "2024.01.12"]

1. c4 Nf6 2. Nc3 g6 3. g3 Bg7 4. Bg2 O-O 5. d4 d6 6. Nf3 c5 7. dxc5 dxc5 8. Qb3
Nc6 9. Be3 Qb6 {#} 10. Na4 (10. O-O Qb4 11. Nd5 Nxd5 12. cxd5 c4 13. Qxb4 Nxb4
14. Bd4 Nxd5 15. Bxg7 Kxg7 16. Ne5 Be6 17. Nxc4 {1/2-1/2 Porat,Y-Matanovic,A,
Leipzig 1960}) 10... Qb4+ 11. Bd2 Qxb3 12. axb3 Ne4 13. Be3 Nd4 14. Nxd4 cxd4
15. Bxd4 Bxd4 16. Bxe4 Rb8 17. e3 Bg7 18. Nc3 Bh3 19. Rxa7 Rfd8 20. Ke2 Kf8 21.
Rd1 Rxd1 22. Kxd1 b6 23. Kc2 e6 24. Nb5 Kg8 25. Nd6 f6 26. f4 Bf8 27. Nb5 Bc5
28. Kd2 Rd8+ 29. Ke2 Bg4+ 30. Bf3 Bxf3+ 31. Kxf3 Rd2 32. Nd4 Rxb2 33. Nxe6 Bb4
34. Nd4 Bc5 35. Rb7 Rxh2 36. Ne6 Rc2 37. Nxc5 bxc5 38. Ke4 Rg2 39. Kf3 Rb2 40.
Rc7 Rxb3 41. Rxc5 h5 42. Rc7 Kf8 43. c5 Rc3 44. c6 Rc4 45. Rc8+ Kg7 46. c7 g5
47. fxg5 fxg5 48. e4 h4 49. gxh4 gxh4 50. Kg2 Rc3 51. e5 Rc6 52. Kh3 Rc3+ 53.
Kxh4 Rc4+ 54. Kg5 Rc5 55. Kf5 Rc1 56. Ke6 Rc2 57. Rd8 1-0

[Event "SU Annen (ch)"]
[Site "?"]
[Date "2024.09.06"]
[Round "2"]
[White "Zimmermann, Kolya"]
[Black "Köhler, Frank"]
[Result "1/2-1/2"]
[WhiteElo "1350"]
[BlackElo "1729"]
[PlyCount "72"]
[EventDate "2024.01.12"]
[SourceDate "2024.01.12"]

1. e4 c5 2. d4 cxd4 3. c3 d3 4. Bxd3 Nc6 5. c4 g6 6. Nf3 Bg7 7. Nc3 d6 8. h3
Nf6 9. Qe2 {#} Nb4 (9... O-O 10. O-O Nd7 11. Bf4 Nc5 12. Rfd1 Nxd3 13. Rxd3 Be6
14. Nd5 Qa5 15. Bd2 Qd8 16. Rb1 Rc8 17. Bg5 f6 18. Bh4 Qe8 19. Rb3 b6 20. Rd1
Bd7 21. a3 Na5 22. Rc3 Qf7 23. b3 Rfd8 24. Rcd3 Be8 25. Kh1 Nc6 26. R3d2 Bh6
27. Rd3 Na5 28. Rc3 Bg7 29. Kg1 Nc6 30. Rcd3 Qf8 31. g4 Bd7 32. Qa2 Qf7 33. Qe2
Re8 34. b4 Nd8 35. Rc1 Ne6 36. g5 Bc6 37. b5 Bxd5 38. exd5 Nf4 39. Qe4 Nxd3 40.
Qxd3 fxg5 41. Nxg5 Qf4 42. Qe2 Qxc1+ 43. Kg2 e5 44. Qf3 Qf4 {0-1 Nilsson,
J-Cheparinov,I (2478), Dos Hermanas 2003}) 10. Bb1 O-O 11. O-O b6 12. a3 Nc6
13. Rd1 Nd7 14. Bc2 Bb7 15. Bg5 f6 16. Bf4 Qe8 17. Bb3 Kh8 18. Rd2 Nc5 19. Ba2
Ne6 20. Bg3 Ne5 21. Nxe5 fxe5 22. b4 Bh6 23. Rd3 Nd4 24. Qb2 Rc8 25. Re1 Ba6
26. b5 Bb7 27. f3 Ne6 28. Nd5 Nc5 29. Rdd1 Bxd5 30. exd5 Bf4 31. Bxf4 Rxf4 32.
Rf1 Qf7 33. Qe2 Rf8 34. Bb1 Nb3 35. Be4 Nd4 36. Qd3 Rc8 1/2-1/2

[Event "SU Annen (ch)"]
[Site "?"]
[Date "2024.09.06"]
[Round "2"]
[White "Solomov, Christian"]
[Black "Krug, Christopher"]
[Result "0-1"]
[WhiteElo "1408"]
[BlackElo "1537"]
[PlyCount "104"]
[EventDate "2024.01.12"]
[SourceDate "2024.01.12"]

1. e4 b6 2. d4 Bb7 3. Nc3 e6 4. Nf3 Bb4 5. Bd3 Nf6 6. Bg5 h6 7. Bxf6 Qxf6 8. a3
Bxc3+ 9. bxc3 c5 10. O-O {#} c4 (10... Na6 11. Qe2 Nc7 12. Ne5 cxd4 13. cxd4
Rd8 14. Rfe1 O-O 15. c4 d6 16. Nf3 e5 17. d5 Na6 18. Reb1 Nc5 19. a4 Qe7 20.
Nd2 Nxd3 21. Qxd3 Qc7 22. Qb3 Rb8 23. Qb4 Ba6 24. Ra2 f5 25. f3 Rbc8 26. Rc1 f4
27. Rac2 Qc5+ 28. Qxc5 Rxc5 29. Nb1 Rfc8 {1/2-1/2 Brodmann,A (1530)-Dinse,M 
(1665), Hamburg 2008}) (10... O-O 11. Re1 (11. Rb1 cxd4 (11... d6 12. Qd2 c4
13. e5 dxe5 14. dxe5 Qe7 15. Bxc4 Bxf3 16. gxf3 Nd7 17. Rbe1 Rac8 18. Qf4 b5
19. Bd3 Rxc3 20. Kh1 Rfc8 21. Rg1 Kh8 22. Rg2 Nc5 23. Rxg7 Kxg7 24. Rg1+ Kf8
25. Bxb5 Nd7 26. Qxh6+ Ke8 27. Rg8+ Qf8 28. Qxf8# {1-0 Patar Uulu,B-Abdyldaev,
N (1317), Biskek 2019}) (11... c4 12. e5 Bxf3 13. Bxc4 Bxd1 14. exf6 d5 15.
Rbxd1 dxc4 16. Rfe1 gxf6 17. Re4 Rd8 18. Rb1 Nc6 19. f4 Rd5 {0-1 Tischner,M 
(1858)-Bauer,W (1954), Finsterbergen 2003}) 12. cxd4 Nc6 13. c3 Rfc8 14. Qd2
Na5 15. Rb4 Rc7 16. Ne5 Rac8 17. Rc1 d6 18. Ng4 Qh4 19. f3 Nc4 20. Bxc4 Rxc4
21. Rxc4 Rxc4 22. Ne3 Ra4 23. Qb2 Qg5 24. Re1 Qa5 25. Ra1 Ba6 26. Nc2 Be2 27.
Nb4 Qb5 28. Qd2 Bc4 29. Qc1 Bb3 30. Qd2 Bc4 31. Qc1 e5 32. d5 Qc5+ 33. Kh1 Bb5
34. Qb2 a5 35. Nc2 Rc4 36. a4 Bxa4 37. Ne1 Qe3 38. h3 b5 39. Rc1 b4 40. Ra1
bxc3 41. Qb8+ Kh7 42. Qxd6 Qf4 43. Nd3 Qg3 44. Qxe5 Qxe5 45. Nxe5 Rd4 46. Nc6
Bxc6 47. dxc6 c2 48. Kh2 Rd1 49. Rc1 Rxc1 {0-1 Tikka,E (1816)-Heigerer,S (2002)
, Praha 2015}) 11... d6 (11... Nc6 12. Bc4 Na5 13. Bf1 d6 14. Qd2 Rac8 15. Rad1
cxd4 16. cxd4 Qg6 17. Bd3 f5 18. exf5 exf5 19. Kh1 Be4 20. Nh4 Qf6 21. Bxe4
fxe4 22. Rxe4 Qxf2 23. Nf3 Rxf3 24. Re2 Qf1+ 25. Rxf1 Rxf1# {0-1 Genda,
K-Noettling,D (1616), Mureck 2007}) 12. Rb1 Rd8 13. Qd2 Nc6 14. d5 Na5 15. c4
Ba6 16. Qe2 Re8 17. Nd2 Qc3 18. a4 exd5 19. Nb3 dxc4 20. Nxa5 cxd3 21. cxd3
Qxa5 {0-1 Sklenka,S (1440)-Ng,G (2194), Calgary 2015}) 11. Bxc4 Bxe4 12. Ne5
Nc6 13. Nxc6 dxc6 14. Bd3 Bxd3 15. cxd3 O-O 16. Qd2 Rac8 17. Rfe1 c5 18. dxc5
Rxc5 19. d4 Rd8 20. Qe3 Rc4 21. Rab1 Rdc8 22. Rec1 Qg5 23. Qxg5 hxg5 24. Rb3
Rxd4 25. Rb4 Rxb4 26. axb4 a5 27. bxa5 bxa5 28. Kf1 f5 29. Ke2 e5 30. Kd2 Kf7
31. Ra1 Rc5 32. f3 Ke6 33. Ra4 Kd5 34. Kd3 Kc6 35. c4 Kb6 36. Kc3 Rc8 37. Ra1
Re8 38. c5+ Kb5 39. Rb1+ Kxc5 40. Rb7 g6 41. Kb3 Kc6 42. Rg7 Re6 43. Ka4 e4 44.
fxe4 fxe4 45. Rf7 e3 46. Rf1 e2 47. Re1 Kb6 48. Rb1+ Ka6 49. Re1 Re4+ 50. Ka3
a4 51. Ka2 Kb5 52. Ka3 Kc4 0-1

[Event "SU Annen (ch)"]
[Site "?"]
[Date "2024.09.13"]
[Round "2"]
[White "Saage, Armin"]
[Black "Helbig, Dieter"]
[Result "0-1"]
[WhiteElo "1321"]
[BlackElo "1483"]
[PlyCount "70"]
[EventDate "2024.01.12"]
[SourceDate "2024.01.12"]

1. b3 d5 2. Bb2 c5 3. e3 a6 4. d4 Nf6 5. Nf3 Nc6 6. dxc5 Qa5+ {#} 7. Qd2 (7.
Nbd2 Bg4 (7... Qxc5 8. c4 dxc4 9. Bxc4 b5 10. Be2 Bf5 11. Rc1 Qb6 12. Nd4 Nxd4
13. Bxd4 Qd6 14. Bf3 Rd8 15. Rc6 Qa3 16. Qc1 Qxc1+ 17. Rxc1 Bd7 18. Bb6 Rc8 19.
Rxc8+ Bxc8 20. Ke2 e5 21. Rc1 Bd7 22. Bb7 Ba3 23. Rc7 Bd6 24. Rc2 Ke7 25. Ba5
Rb8 26. Bf3 b4 27. Nc4 Bb5 28. Ke1 Rc8 29. Bd1 Bxc4 30. Rxc4 Rxc4 31. bxc4 Kd7
32. Ba4+ Kc8 33. Bc6 Nd7 34. Kd1 f5 35. Kc2 e4 36. Bxd7+ Kxd7 37. h3 f4 38.
exf4 Bxf4 39. Bxb4 Kc6 40. Bd2 Be5 41. Be3 g6 42. Kb3 Bd6 43. Ka4 Bc7 44. Kb4
Bd8 45. Kc3 Bf6+ 46. Bd4 Bd8 47. Kd2 Bg5+ 48. Ke2 Bc1 49. f3 exf3+ 50. Kxf3 Bg5
51. Ke4 Kd6 52. Bf2 Bf6 53. Kd3 Kc6 54. Bd4 Be7 55. Ke4 Kd6 56. Kf4 Kc6 57. Ke5
Bd8 58. Ke6 Bh4 59. Kf7 g5 60. Kg7 h5 61. Kg6 g4 62. Kxh5 gxh3 63. gxh3 Be7 64.
Kg4 Kd6 65. h4 Ke6 66. h5 Kf7 67. Kf5 Kg8 68. Kg6 a5 69. h6 {1-0 Haydon,D 
(2289)-Sidletskyi,I (2152), Katowice 2022}) 8. a3 Qxc5 9. b4 (9. h3 Bh5 10. b4
Qa7 11. c4 Rd8 12. Qb3 dxc4 13. Bxc4 b5 14. Bd3 e6 15. O-O-O Be7 16. g4 Bg6 17.
Bxg6 hxg6 18. g5 Nd5 19. Bxg7 Rg8 20. Bb2 a5 21. e4 Nf4 22. Kb1 axb4 23. axb4
Nxb4 24. Ne5 Nfd3 25. Ndf3 Qa4 26. Rxd3 Nxd3 27. Qc3 Nxb2 28. Qc6+ Kf8 29. Nd7+
Rxd7 30. Qxd7 Nc4 31. Qd2 Nxd2+ {0-1 Martin Duque,J (2336)-Barbosa,E (2491),
Chess.com 2024}) 9... Qd6 10. c4 e6 11. Be2 Be7 12. O-O O-O 13. h3 Bh5 14. Rc1
Rfd8 {1/2-1/2 Julia,E (2344)-Perelman,H (2355), Buenos Aires 2014}) 7... Qxc5
8. Bd3 e6 9. O-O Be7 10. Nc3 O-O 11. Na4 Qd6 12. h3 b5 13. Nb6 Rb8 14. Nxc8
Rfxc8 15. Rac1 e5 16. Ne1 e4 17. Be2 Qe6 18. f4 exf3 19. Bxf3 Ne4 20. Bxe4 dxe4
21. Qf2 Bc5 22. c3 Rd8 23. Nc2 Ne5 24. Ne1 Nd3 25. Nxd3 exd3 26. Kh1 d2 27.
Rcd1 Bxe3 28. Qf5 Qxf5 29. Rxf5 Re8 30. Rff1 Re6 31. a3 Bh6 32. b4 Rd8 33. Rxd2
Bxd2 34. Rf3 Re1+ 35. Kh2 Rb1 0-1

[Event "SU Annen (ch)"]
[Site "?"]
[Date "2024.09.20"]
[Round "3"]
[White "Jeschke, Holger"]
[Black "Schröder, Paul"]
[Result "0-1"]
[WhiteElo "1829"]
[BlackElo "1597"]
[PlyCount "84"]
[EventDate "2024.01.12"]
[SourceDate "2024.01.12"]

1. b4 e5 2. Bb2 Bxb4 3. f4 d6 4. Nf3 Nf6 5. fxe5 dxe5 6. Bxe5 c5 {#} 7. c4 (7.
e3 Nc6 8. Bb2 O-O 9. Be2 Qe7 10. O-O Re8 11. Qe1 Ba5 12. Qh4 Ne4 13. Qxe7 Rxe7
14. d3 Nd6 15. e4 Nf5 16. c3 Ne3 17. Rc1 c4 18. d4 Rxe4 19. Nbd2 Re8 20. Bxc4
Nxc4 21. Nxc4 {1/2-1/2 Adam,S-Bauhardt,M, Berlin-Hohenschoenhausen 1988}) 7...
Nc6 8. Bb2 Be6 9. a3 Ba5 10. e3 Qe7 11. Be2 O-O-O 12. O-O Ng4 13. Qb3 f6 14.
Nc3 Bxc3 15. Bxc3 Rhe8 16. h3 Nge5 17. Nxe5 fxe5 18. Bf3 Bd7 19. Bd5 Rf8 20.
Qb2 Qg5 21. Rab1 b6 22. Qb5 Nb4 23. Qxd7+ Kxd7 24. axb4 cxb4 25. Bxb4 Rxf1+ 26.
Rxf1 Kc7 27. Rf7+ Rd7 28. Rf8 Qg6 29. e4 Rxd5 30. cxd5 a5 31. Bc3 Qxe4 32. Rf7+
Kd6 33. Rxg7 Kxd5 34. Rb7 Kc6 35. Re7 Kd6 36. Rg7 Qh4 37. Rg4 Qe1+ 38. Kh2 e4
39. Rg3 Kd5 40. Rg7 Qh4 41. Rb7 Qh6 42. Re7 Qd6+ 0-1

[Event "SU Annen (ch)"]
[Site "?"]
[Date "2024.09.20"]
[Round "3"]
[White "Stergar, Lothar"]
[Black "Zimmermann, Kolya"]
[Result "1-0"]
[WhiteElo "1515"]
[BlackElo "1350"]
[PlyCount "92"]
[EventDate "2024.01.12"]
[SourceDate "2024.01.12"]

1. e4 d6 2. d4 Nf6 3. Nc3 Nbd7 4. f4 e5 5. fxe5 dxe5 6. dxe5 Nxe5 7. Qxd8+ Kxd8
8. Bg5 c6 9. O-O-O+ Kc7 10. Bxf6 gxf6 11. Be2 Bh6+ 12. Kb1 {#} Ng4 (12... Rg8
13. g3 Ng4 14. Rf1 f5 15. Bxg4 Rxg4 16. exf5 Rg5 17. Nge2 Rxf5 18. Nd4 Rxf1+
19. Rxf1 Bd7 20. Rxf7 Re8 21. a3 c5 22. Nb3 Bf8 23. Nd5+ Kd6 24. Nf6 Re1+ 25.
Ka2 Be6 26. Rxf8 c4 27. Nd4 c3+ 28. Nxe6 cxb2 29. Kxb2 Rxe6 30. Nxh7 Kc7 31.
Rf7+ Kb8 32. h4 Rb6+ 33. Ka2 Rc6 34. Rf2 Rc3 35. Rg2 Rc7 36. Kb2 Rc6 37. g4 Rh6
38. g5 Rxh7 39. g6 Rh8 40. g7 {1-0 Bohm,Z (1694)-Haszon,A (1746), Miskolc 2010}
) 13. Bxg4 Bxg4 14. Rd3 Rhe8 15. Nf3 b5 16. a3 a5 17. Re1 b4 18. Nd1 bxa3 19.
Rxa3 Bf8 20. Rd3 Be6 21. Nd4 Bc4 22. Rh3 Bc5 23. Nf5 Be6 24. Rh5 Bf8 25. Nde3
a4 26. Rxh7 a3 27. Ng7 Bxg7 28. Rxg7 Reb8 29. b3 c5 30. Nd5+ Bxd5 31. exd5 c4
32. Rxf7+ Kd6 33. Rxf6+ Kxd5 34. Rf3 Kd4 35. Ka2 Kc5 36. Rc3 Rd8 37. Rxc4+ Kb5
38. Re5+ Kb6 39. Re2 Rd1 40. Ra4 Rf8 41. Kxa3 Rff1 42. Rae4 Kb5 43. Re5+ Kb6
44. Kb4 Rf8 45. Re6+ Kb7 46. c4 Rb8 1-0